| 000 | 00534nam a2200169Ia 4500 | ||
|---|---|---|---|
| 005 | 20250508155424.0 | ||
| 008 | 008 250505s9999 xx 000 0 eng d | ||
| 037 | _aTextual | ||
| 040 |
_aFEDL _beng _cFEDL |
||
| 041 |
_aeng _2eng |
||
| 084 |
_a370.942, GRE _qFEDL |
||
| 245 | 0 | _aEducation in 1951 : Being the report of the Ministry of education and the statistics of public education for England and Wales | |
| 300 | _ax,201p. | ||
| 650 | _aEducation | ||
| 942 |
_cTEXL _h370.942, GRE |
||
| 999 |
_c1356711 _d1356711 |
||